Zmeny v pilieroch

Zmeny v oblasti starobného dôchodkového sporenia ustanovené zákonom č. 310/2006 Z.z., ktorým sa zmenil zákon o sociálnom poistení (č. 461/2003 Z.z.), zákon o o starobnom dôchodkovom sporení (č. 43/2004 Z.z.) a zákon o doplnkovom dôchodkovom sporení (č.650/2004 Z.z.). V oblasti starobného dôchodkovéh...

Descrizione completa

Salvato in:
Dettagli Bibliografici
Autore principale: Kolesárová, Jana
Natura: Capitolo di libro
Lingua:slovacco
Soggetti:
Tags: Aggiungi Tag
Nessun Tag, puoi essere il primo ad aggiungerne!!

MARC

LEADER 00000naa$a2200000$$$4500
001 0051808
005 20230925074746.7
041 0 |a slo 
044 |a SK 
245 1 0 |a Zmeny v pilieroch  |c Jana Kolesárová 
520 |a Zmeny v oblasti starobného dôchodkového sporenia ustanovené zákonom č. 310/2006 Z.z., ktorým sa zmenil zákon o sociálnom poistení (č. 461/2003 Z.z.), zákon o o starobnom dôchodkovom sporení (č. 43/2004 Z.z.) a zákon o doplnkovom dôchodkovom sporení (č.650/2004 Z.z.). V oblasti starobného dôchodkového sporenia (II. povinný kapitalizačný pilier) sa upravil osobný rozsah starobného dôchodkového sporenia, zúžil sa okruh činností, ktoré môže dôchodková správcovská spoločnosť zveriť iným osobám, sprísnili sa podmienky na prestup sporiteľa do inej dôchodkovej správcovskej spoločnosti. 
610 2 0 |a poistenie sociálne 
610 2 0 |a poistenie dôchodkové 
610 2 0 |a poistenie dôchodkové doplnkové 
610 2 0 |a sporenie dôchodkové doplnkové 
610 2 0 |a sporenie dôchodkové starobné 
610 2 0 |a poisťovne 
610 2 0 |a poistníci 
610 2 0 |a spoločnosti správcovské dôchodkové 
610 2 0 |a dávky dôchodkové 
100 1 |a Kolesárová, Jana